The World Health report 1995: Bridging the gaps

"The World Health Report 1995", based on the most authoritative and up-to-date information gathered by the World Health Organization, explores the burden imposed by specific diseases and other health problems throughout the world in all the age groups, from children and adolescents to adul...

Disgrifiad llawn

Wedi'i Gadw mewn:
Manylion Llyfryddiaeth
Awdur Corfforaethol: OMS
Fformat: Llyfr
Iaith:Undetermined
Cyhoeddwyd: Genève OMS 1996
Pynciau:
Tagiau: Ychwanegu Tag
Dim Tagiau, Byddwch y cyntaf i dagio'r cofnod hwn!
Thư viện lưu trữ: Trung tâm Học liệu Trường Đại học Cần Thơ
LEADER 01153nam a2200205Ia 4500
001 CTU_29907
008 210402s9999 xx 000 0 und d
082 |a 614.0601 
082 |b O.68a 
110 |a OMS 
245 4 |a The World Health report 1995: Bridging the gaps 
245 0 |c OMS 
260 |a Genève 
260 |b OMS 
260 |c 1996 
520 |a "The World Health Report 1995", based on the most authoritative and up-to-date information gathered by the World Health Organization, explores the burden imposed by specific diseases and other health problems throughout the world in all the age groups, from children and adolescents to adults and the erderly. By presenting and analysing a wealth of new data, the report provides an expert and comprehensive diagnosis of the state of human health worldwide. More than that, it offers a prescription for action that could save millions of lives every year, and improve the quality of life for humanity 
650 |a health policy,health status,world health,world health organization 
650 |x trends 
904 |i Minh, 990506 
980 |a Trung tâm Học liệu Trường Đại học Cần Thơ